| 000 | 00505 a2200181 4500 | ||
|---|---|---|---|
| 003 | OSt | ||
| 005 | 20180116182748.0 | ||
| 008 | 160830b xxu||||| |||| 00| 0 eng d | ||
| 020 | _a8175541520 | ||
| 040 | _c0 | ||
| 082 | _a658.45 TIE 2001 | ||
| 100 | _aElizabeth Tierney | ||
| 245 |
_a101 Ways to Better Communicaiton _cElizabeth Tierney |
||
| 260 |
_aNew Delhi _bKogan Page India _c2001 |
||
| 300 |
_a90 p. _bPB |
||
| 440 | _a101 Ways to Better Communicaiton | ||
| 942 |
_aNBS _cBK _k658.45 TIE 2001 _2ddc |
||
| 999 |
_c345563 _d345563 |
||